000 00294nam a22001337a 4500
008 180824b xxu||||| |||| 00| 0 eng d
020 _a0316924032
041 _aeng
080 _a61
100 _a3
101 _aSHM
245 _aMANUAL MEDICAL THERAPEUTICS
_cMILLER.L.W
942 _2udc
_cBK
999 _c47321
_d47321